Music Quiz

Random Music or Rock Quiz

Female Musician by Lyrics Quiz Stats

 Plays Quiz Updated Jan 28, 2016

Challenge
Share
Tweet
Embed
Score 0/36 Timer 07:00
0 Plays Today
% Correct
Katy Perry
90.9%
Lady Gaga
84.7%
Cyndi Lauper
81.3%
Adele
79.7%
Christina Aguilera
76.7%
TLC
75.9%
Taylor Swift
75.6%
Beyoncé
74.9%
Rihanna
74%
Spice Girls
73.1%
Kelly Clarkson
72.6%
Britney Spears
72.2%
Cher
71.9%
Tina Turner
71.7%
Alanis Morissette
71.3%
Dolly Parton
70.6%
Avril Lavigne
70.1%
Carrie Underwood
66.1%
% Correct
Amy Winehouse
64.2%
Natalie Imbruglia
63.2%
Madonna
61.5%
Dido
57.3%
Kylie Minogue
56.4%
Paula Abdul
55.1%
Alicia Keys
54.8%
Rachel Platten
54.2%
Bonnie Tyler
53.6%
Sia
49.1%
Sinéad O'Connor
48.5%
Mariah Carey
47.4%
Janis Joplin
44.2%
Ciara
43.8%
Gwen Stefani
36.3%
Fiona Apple
34.7%
Kate Bush
32.9%
The Go-Go’s
27.6%

You're not logged in!

Compare scores with friends on all Sporcle quizzes.
OR
Log In

You Might Also Like...

Show Comments

Extras

Top Quizzes Today


Score Distribution

Your Account Isn't Verified!

In order to create a playlist on Sporcle, you need to verify the email address you used during registration. Go to your Sporcle Settings to finish the process.

Report this User

Report this user for behavior that violates our Community Guidelines.

Details: